000 00859nam a22002177a 4500
008 240702b mp ||||| |||| 00| 0 mon d
035 _a1218
040 _aSU1322070
_bmon
_cMN-UlNLM
_dMN-UlNLM
_erda
041 _amon
042 _a1304
084 _2NNA
_a84
_bЧ-205
100 _aЧандар К.
245 0 _aМянган эрийн сэтгэл булаасан бүсгүй
264 _aУлаанбаатар
_bАдмон ХХК
_c2003
300 _a107х.
336 _2rdacontent
_atext
_btxt
337 _2rdamedia
_aunmediated
_bn
338 _2rdacarrier
_avolume
_bnc
650 _a"Мянган эрийн сэтгэлийг булаасан бүсгүй" цуврал романуудыг гаргаж байгаадаа бид нэн их баяртай байна. Учир нь залуу халуун насн...
942 _2NNA
_cBK
999 _c1060150
_d1060207